Welcome to CU Library Online Public Access Catalogue (OPAC)

The World of Athens : (Record no. 5430)

MARC details
000 -LEADER
fixed length control field 00929cam a2200241 a 4500
001 - CONTROL NUMBER
control field 1879261
005 - DATE AND TIME OF LATEST TRANSACTION
control field 20250411170202.0
008 - FIXED-LENGTH DATA ELEMENTS--GENERAL INFORMATION
fixed length control field 831108s1984 enkabf b 001 0 eng
020 ## - INTERNATIONAL STANDARD BOOK NUMBER
International Standard Book Number 0521267897
020 ## - INTERNATIONAL STANDARD BOOK NUMBER
International Standard Book Number 0521273897 (pbk.)
020 ## - INTERNATIONAL STANDARD BOOK NUMBER
International Standard Book Number 9780521273893
050 00 - LIBRARY OF CONGRESS CALL NUMBER
Classification number DF275
Item number .W69 1984
082 00 - DEWEY DECIMAL CLASSIFICATION NUMBER
Classification number 938/.5
Edition information 19
245 04 - TITLE STATEMENT
Title The World of Athens :
Remainder of title an introduction to classical Athenian culture : background book.
260 ## - PUBLICATION, DISTRIBUTION, ETC.
Place of publication, distribution, etc. Cambridge [Cambridgeshire] ;
-- New York :
Name of publisher, distributor, etc. Cambridge University Press,
Date of publication, distribution, etc. 1984.
300 ## - PHYSICAL DESCRIPTION
Extent xii, 407 p., [8] p. of plates :
Other physical details ill., maps ;
Dimensions 22 cm.
500 ## - GENERAL NOTE
General note Includes indexes.
650 ## - SUBJECT ADDED ENTRY--TOPICAL TERM
Source of heading or term History
710 2# - ADDED ENTRY--CORPORATE NAME
Corporate name or jurisdiction name as entry element Joint Association of Classical Teachers.
Subordinate unit Greek Course
856 42 - ELECTRONIC LOCATION AND ACCESS
Materials specified Publisher description
Uniform Resource Identifier <a href="http://www.loc.gov/catdir/description/cam022/83023989.html">http://www.loc.gov/catdir/description/cam022/83023989.html</a>
856 41 - ELECTRONIC LOCATION AND ACCESS
Materials specified Table of contents only
Uniform Resource Identifier <a href="http://www.loc.gov/catdir/enhancements/fy0710/83023989-t.html">http://www.loc.gov/catdir/enhancements/fy0710/83023989-t.html</a>
942 ## - ADDED ENTRY ELEMENTS (KOHA)
Source of classification or shelving scheme Library of Congress Classification
Koha item type Books
Suppress in OPAC No
999 ## -
-- 5430
-- 5430
Holdings
Withdrawn status Lost status Source of classification or shelving scheme Damaged status Not for loan Collection Home library Current library Shelving location Date acquired Total checkouts Full call number Barcode Date last seen Copy number Price effective from Koha item type
    Library of Congress Classification     Non-fiction Business Library (Miotso) Business Library (Miotso) General stacks 04/11/2025   DF275 .W69 1984 BSSM00001787 04/11/2025 1 04/11/2025 Books
    Library of Congress Classification     Non-fiction Business Library (Miotso) Business Library (Miotso) General stacks 04/11/2025   DF275 .W69 1984 BSSM00001788 04/11/2025 2 04/11/2025 Books
© 2023-2024 Copyright: Central University Libraries. All Rights Reserved | Created by: Mahone Tech Office